Normal view
MARC view
- شعر اقبال
Entry Topical Term
001 - CONTROL NUMBER
- control field: 131706
003 - CONTROL NUMBER IDENTIFIER
- control field: NUST
005 - DATE AND TIME OF LATEST TRANSACTION
- control field: 20251105150026.0
008 - FIXED-LENGTH DATA ELEMENTS
- fixed length control field: 251105|| aca||aabn | a|a d
040 ## - CATALOGING SOURCE
- Original cataloging agency: NUST
- Transcribing agency: NUST
150 ## - HEADING--TOPICAL TERM
- Topical term or geographic name entry element: شعر اقبال
670 ## - SOURCE DATA FOUND
- Source citation: Work cat.: (NUST)575852: Syed Abid Ali Abid 68232, شعر اقبال, 2011
